Andean excavations /

Bibliographic Details
Main Author: Rydén, Stig, 1908-1965
Format: Book
Language:English
Published: Stockholm : Ethnographical Museum of Sweden, Stockholm, 1957-1959.
Series:Monograph series (Statens etnografiska museum (Sweden)) ; publication no. 4, 6.
Subjects:

MARC

Tag First Indicator Second Indicator Subfields
LEADER 00000cam a2200000 a 4500
001 in00003439708
005 20151206103344.0
008 840806m19571959sw a b f00010 eng
010 |a  84143544  
040 |d UtOrBLW 
043 |a s-bo--- 
082 0 |a 984/.01  |2 19 
090 |a F3319  |b .R93 1957 
100 1 |a Rydén, Stig,  |d 1908-1965. 
245 1 0 |a Andean excavations /  |c by Stig Rydén. 
264 1 |a Stockholm :  |b Ethnographical Museum of Sweden, Stockholm,  |c 1957-1959. 
300 |a 2 volumes :  |b illustrations ;  |c 24 cm. 
336 |a text  |b txt  |2 rdacontent 
337 |a unmediated  |b n  |2 rdamedia 
338 |a volume  |b nc  |2 rdacarrier 
490 1 |a Monograph series / Ethnographical Museum of Sweden, Stockholm ;  |v publication no. 4, 6 
500 |a Three folded leaves in pocket, volume 2. 
504 |a Includes bibliographical references. 
541 |a HILTON-K 
650 0 |a Indians of South America  |z Bolivia  |x Antiquities. 
651 0 |a Tiwanaku Site (Bolivia) 
651 0 |a Bolivia  |x Antiquities. 
830 0 |a Monograph series (Statens etnografiska museum (Sweden)) ;  |v publication no. 4, 6. 
999 |a MARS 
999 f f |s 0c5cdef2-607b-30ed-b003-e27b86a03b29  |i ffc2f94b-49b2-3418-bc7e-932b86df23a7  |t 0 
952 f f |p ric  |a Texas A&M University  |b Rellis Campus  |c Joint Library Facility  |d Remote Storage  |t 0  |e F3319 .R93 1957  |h Library of Congress classification  |i unmediated -- volume  |m 32060003653157 
998 f f |a F3319 .R93 1957  |t 0  |l Remote Storage